=LDR 00000nam 2200000 4500 =001 INLIS000000000058263 =005 20210908102756 =035 ##$$a 0010-0921000067 =007 ta =008 210908###########################0#ind## =020 ##$$a 978-602-217-005-1 =082 ##$$a 658.3 =084 ##$$a 658.3 Jus p =245 1#$$a Pengelolaan Sumber daya Insani /$c Jusmaliani =300 ##$$a 220 halaman : $b Ilustrasi ; $c 21 cm =650 #4$$a Sumber daya manusia - Manajemen =264 ##$$a jakarta :$b Bumi Aksara,$c 2011 =336 ##$$a teks$2 rdacontent =337 ##$$a lain-lain$2 rdamedia =338 ##$$a lain-lain$2 rdacarrier =990 ##$$a 08510851